The Colombo Plan. Annual Report Colombo Plan Council
Sábháilte in:
| Údar corparáideach: | |
|---|---|
| Formáid: | Téacs |
| Foilsithe / Cruthaithe: |
Colombo:
Colombo Plan Bureau
|
| Clibeanna: |
Cuir clib leis
Níl clibeanna ann, Bí ar an gcéad duine le clib a chur leis an taifead seo!
|
MARC
| LEADER | 00000 a a2200000 04500 | ||
|---|---|---|---|
| 001 | 24616 | ||
| 003 | |||
| 040 | |||
| 090 | |a 169600 | ||
| 110 | |a Colombo Plan Bureau | ||
| 245 | |a The Colombo Plan. Annual Report Colombo Plan Council | ||
| 260 | |a Colombo: |b Colombo Plan Bureau | ||
| 300 | |a 94 p. |b **no definido** | ||
| 999 | |c 12347 |d 12347 | ||
